Quiz devine le pays; - Statistiques

Statistiques générales
  • Ce quiz a été pris 203 fois
  • Le résultat moyen est 10 sur 15
Statistiques - réponses
Hint Réponse % Correct
Pays d'Europe avec la plus grande majorité musulmane. Albanie
76%
Pays de naissance de Marie Curie. Pologne
76%
Pays de l'invention du papier. Chine
71%
Pays du Moyen-Orient le plus francophone. Liban
71%
Seul pays d'Europe ayant un dragon sur son drapeau. Pays de Galles
71%
Pays ou s'est déroulé le génocide des ethnies Tutsis. Rwanda
70%
Pays ayant pour capitale Libreville. Gabon
69%
Seul pays ou l'on trouve des dragons de Komodo. Indonésie
65%
Second pays ayant un dragon sur son drapeau. Bhoutan
63%
D'ou vient la Moussaka ? Grèce
63%
Pays contenant le plus haut sommet d'Amérique. Argentine
62%
Plus grand producteur de cacao du monde. Côte d'Ivoire.
62%
Pol Pot fut un dictateur sanglant de ce pays. Cambodge
59%
Pays possédant l'île de Pâques. Equateur
55%
Premier pays officiellement chrétien de l'histoire. Arménie
54%
Aucun quiz correspondant
Distribution des résultats
% des personnes avec chaque résultat
Percentile par nombre de réponses
Votre historique - résultats
Vous n’avez pas pris ce quiz